00411nam a2200109Ia 4500008004100000100002400041245008500065260004200150260000900192999001700201952008300218170620s9999 xx 000 0 und d aReddy- G. Lokanadha 0aEncyclopedia of Special Education- Learning disabilities (A Practical guide to p bNew Delhi- Discovery Publishing House c2007 c24375d24375 00102ddc4070a05b05d2017-07-03e82p05-B-5384r2017-07-03w2017-07-03y06